BSOP header

The indigenous peoples of the Philippines. (Record no. 17841)

MARC details
000 -LEADER
fixed length control field 00765nam a2200181 4500
008 - FIXED-LENGTH DATA ELEMENTS--GENERAL INFORMATION
fixed length control field 031016s2000 ph abf b f000 0 eng
020 ## - INTERNATIONAL STANDARD BOOK NUMBER
International Standard Book Number 9712329852 :Php1683.00
090 ## - LOCALLY ASSIGNED LC-TYPE CALL NUMBER (OCLC); LOCAL CALL NUMBER (OCLC)
Classification number (OCLC) (R) ; Classification number, CALL (RLIN) (NR) GN671.P5
Local cutter number (OCLC) ; Book number/undivided call number, CALL (RLIN) In2n
-- 2000
245 04 - TITLE STATEMENT
Title The indigenous peoples of the Philippines.
260 ## - PUBLICATION, DISTRIBUTION, ETC. (IMPRINT)
Place of publication, distribution, etc [Quezon City] :
Name of publisher, distributor, etc Rex Book Store :
-- National Commission on Indigenous Peoples,
Date of publication, distribution, etc c2000.
300 ## - PHYSICAL DESCRIPTION
Extent v, 85 p., [3] p. of plates :
Other physical details ill. (some col.), maps ;
Dimensions 22 x 29 cm.
504 ## - BIBLIOGRAPHY, ETC. NOTE
Bibliography, etc Includes bibliographical references.
650 #4 - SUBJECT ADDED ENTRY--TOPICAL TERM
Topical term or geographic name as entry element Ethnology
Geographic subdivision Philippines.
650 #4 - SUBJECT ADDED ENTRY--TOPICAL TERM
Topical term or geographic name as entry element Indigenous peoples
Geographic subdivision Philippines.
951 ## - EQUIVALENCE OR CROSS-REFERENCE-GEOGRAPHIC NAME/AREA NAME [OBSOLETE] [CAN/MARC only]
General subdivision 00025314
710 22 - ADDED ENTRY--CORPORATE NAME
Corporate name or jurisdiction name as entry element National Commission on Indigenous Peoples (Philippines)
710 22 - ADDED ENTRY--CORPORATE NAME
Corporate name or jurisdiction name as entry element Rex Book Store.
951 ## - EQUIVALENCE OR CROSS-REFERENCE-GEOGRAPHIC NAME/AREA NAME [OBSOLETE] [CAN/MARC only]
-- 26514
-- GN671.P5/In2n/2000
-- 070613111318609
-- 2000-12-21
-- FIL-REF
Holdings
Withdrawn status Lost status Damaged status Not for loan Home library Current library Shelving location Date acquired Accession number Shelving control number Total Checkouts Full call number Barcode Date last seen Price effective from Koha item type
        BSOP Library BSOP Library Filipiniana Reference 12/21/2000 26514 127   GN671.P5/In2n/2000 00025314 02/23/2013 02/23/2013 Books
BSOP

Biblical Seminary of the Philippines
  All rights Reserved
  © 2024

CONTACT INFORMATION

Biblical Seminary of the Philippines,
  77-B Karuhatan Road, Valenzuela City,
  PHILIPPINES 1441
  Phone: +632 8292-6795 / 8292-6798
  Fax : +632 8292-6675
  Email: library@bsop.edu.ph